How the world thinks (Record no. 11540)

MARC details
000 -LEADER
fixed length control field 00837nam a22001577a 4500
020 ## - INTERNATIONAL STANDARD BOOK NUMBER
ISBN 9798998687419
082 ## - DEWEY DECIMAL CLASSIFICATION NUMBER
Classification number 658.4092DAL
100 ## - MAIN ENTRY--AUTHOR NAME
Personal name Baggini, Julian.
245 ## - TITLE STATEMENT
Title How the world thinks
Sub Title The Top 15 Mistakes Leaders Make and How to Fix Them
260 ## - PUBLICATION, DISTRIBUTION, ETC. (IMPRINT)
Name of publisher Zero-To-Sixty Publishing
Year of publication 2025
300 ## - PHYSICAL DESCRIPTION
Number of Pages 169.
520 ## - SUMMARY, ETC.
Summary, etc And to make things worse, a lot of leadership books don’t make it any less confusing or any easier. They just throw a bunch of theory at you, leaving you to wonder “but what do I actually need to do to be a better leader?”<br/><br/>In How To Suck As A Leader, Travis Dalrymple delivers no-BS leadership tactics that you can implement today. Instead of useless theory, he tells you exactly how to lead high performing and high morale teams.
650 ## - SUBJECT ADDED ENTRY--TOPICAL TERM
Topical Term Leadership.
942 ## - ADDED ENTRY ELEMENTS (KOHA)
Koha item type Book
Holdings
Withdrawn status Lost status Damaged status Not for loan Permanent Location Current Location Shelving location Date acquired Cost, normal purchase price Full call number Accession Number Price effective from Koha item type
        UONGOZI Institute Resources Centre - Dar es Salaam UONGOZI Institute Resources Centre - Dar es Salaam Leadership 06/19/2026 44348.00 658.409DAL UR010562 07/01/2026 Book
        UONGOZI Institute Resources Centre - Dar es Salaam UONGOZI Institute Resources Centre - Dar es Salaam Leadership 06/19/2026 44348.00 658.409DAL UR010561 07/01/2026 Book